000 00499nam a2200181Ia 4500
003 GCL
008 140319s9999 xx 000 0 ara d
040 _aGCL /
_cGCL
082 0 4 _aق
_b962.06
_bاث
100 1 _aاحمد حمروش
245 1 0 _aثورة يوليو وعقل مصر /
_cاحمد حمروش
260 _a[S.N] :
_bمكتبة مدبولى
300 _a282 ص
490 _a
650 0 4 _aثورة 23 يوليو 1952
650 0 4 _aجمال عبدالناصر
942 _2ddc
_cBK
999 _c52475
_d52475